000 00472cam a2200181ua 4500
020 _c6.00
041 _amal
_h
082 _a894.812301
_bJAI/IR
100 _aJainendra, Kumar .
245 _aIrupathimoonnu Hindi kathakal /
_cJainendrakumar.
_hTextual Documents
250 _a1 /
_b.
260 _aKottayam :
_bSahitya Pravarthaka Co-operative Society ,
_c1969.
300 _a328 ; .
365 _a6.00
504 _a
942 _cBK
999 _c12611
_d12611